000 00392nam a2200157Ia 4500
008 230917s9999||||xx |||||||||||||| ||und||
040 _e134610
_aMAIN
041 _aEnglish
082 _a005.1 K786A
100 _aKnuth,Donald E
245 0 _aArt of Computer Programming (Vol.II)
250 _a3rd ed.
260 _aNew Delhi
_bPearson Education
_c2001
300 _a762 p.
942 _cBK
999 _c108826
_d108826